00730nam a2200205 a 4500003000700000005001700007008004100024040003300065041000800098050001900106110002500125245012200150260003700272300003000309336002800339337003000367338002700397650008100424700001900505CBULib20250603084750.0080331s1995 ||||||||||||||||| || u aCBULibbEnglishcCBULiberda aeng aIBRD(08)ESDO/1 aThe World Bank(IBRD)14aThe contribution of peoples's participation: evidence from 121 rural water supply projectsc/ by The World Bank(IBRD) aWashington :bWorld Bank,c1995. aviii, 108 : illustrations 2rdacontentaText |btxt 2rdamediaaUnmediated |bn 2rdacarrieraVolumebnc aWATER-SUPPLY, RURAL--DEVELOPING COUNTRIES--MANAGEMENT--CITIZEN PARTICIPATION aNarayan, Deepa